A football team for each European capital - Statistics

General Stats
  • This quiz has been taken 20 times
    12 since last reset
  • The average score is 29 of 46
Answers on the Map
Answers color-coded by a green-red scale on the quiz's map according to % correct below.
 
Answer Stats
Answer % Correct
1. Fußballclub Union Berlin
100%
FC Ajax
100%
Paris Saint-Germain
100%
Real Madrid CF
100%
Sport L_ e Benfica
100%
SS Lazio
100%
West Ham United FC
100%
Ankara Demirspor
89%
Athlītikī Enōsis Kōnstantinoupoleōs
89%
CSKA Moskow
89%
FK Dynamo Kyïv
89%
Knattspyrnufélag Reykjavíkur
89%
Legia Warszawa
89%
Royal Union Saint-Gilloise
89%
Valletta FC
89%
Berner SC Young Boys
78%
FK Dynama Minsk
78%
GNK Dinamo Zagreb
78%
Helsingin Jalkapalloklubi
78%
Kjöbenhavns Boldklub
78%
Rīgas Futbola skola
78%
SK Rapid
78%
AC Sparta Praha
67%
FC Zimbru Chișinău
67%
FK Levski Sofia
67%
FK Sarajevo
67%
NK Olimpija Ljubljana
67%
ŠK Slovan Bratislava
67%
FC Flora
56%
FK Partizan
56%
FK Partizani Tirana
56%
FK Žalgiris
56%
Hammarby Idrottsförening
56%
Bohemian FC
44%
FC Prishtina
44%
FCSB
44%
Honvéd FC
44%
Vålerenga Fotball
33%
FK Vardar 1947
22%
FC Vaduz
11%
FK Kom
11%
AS de Monaco FC
0%
FC Lusitans la Posa
0%
FC Rapid Mansfeldia Hamm Benfica
0%
Rappresentativa Ospedale Pediatrico Bambino Gesù
0%
SP Tre Penne
0%
No matching quizzes found
Score Distribution
Percent of People with Each Score
Percentile by Number Answered
Your Score History
You have not taken this quiz since the last reset